[Event "IECC CL5-2005.01 email"]
[Site "IECC email"]
[Date "2005.01.18"]
[Round "?"]
[White "Wonnacott, Andrew"]
[Black "Rhoney, Shawn M"]
[Result "1-0"]
[WhiteElo "1398"]
[BlackElo "1545"]
[PlyCount "43"]
[EventDate "2005.??.??"]
[EventType "tourn (corr)"]
[EventRounds "4"]
[SourceTitle "Corr 2015"]
[Source "ChessBase"]
[SourceDate "2015.07.17"]
[SourceVersion "1"]
[SourceVersionDate "2015.07.17"]
[SourceQuality "1"]

1. g3 e5 2. e3 d5 3. Bg2 Be6 4. Ne2 c5 5. d4 Nc6 6. 0-0 Nf6 7. dxe5 Nxe5 8. f4 Nc4 9. f5 Bc8 10. Nbc3 d4 11. exd4 cxd4 12. Nxd4 Bc5 13. Qe2+ Kf8 14. Qxc4 Qxd4+ 15. Qxd4 Bxd4+ 16. Kh1 a6 17. Bf4 h5 18. Rad1 Bxc3 19. Rd8+ Ke7 20. Rxh8 Bxb2 21. Re1+ Kd7 22. Rf8 1-0

[Event "IECC O-2038"]
[Site "IECC email"]
[Date "2004.08.11"]
[Round "?"]
[White "Harrison, Malcolm"]
[Black "Wonnacott, Andrew"]
[Result "0-1"]
[WhiteElo "1268"]
[BlackElo "1382"]
[PlyCount "26"]
[EventDate "2004.??.??"]
[EventType "swiss (corr)"]
[EventRounds "2"]
[SourceTitle "Corr 2020"]
[Source "ChessBase"]
[SourceDate "2019.09.30"]
[SourceVersion "1"]
[SourceVersionDate "2019.09.30"]
[SourceQuality "1"]
[WhiteTeam "United States"]
[BlackTeam "England"]
[WhiteTeamCountry "USA"]
[BlackTeamCountry "ENG"]

1. c4 Nf6 2. g3 g6 3. Bg2 Bg7 4. Nc3 0-0 5. e3 e6 6. Nge2 d5 7. cxd5 exd5 8. 0-0 c5 9. d4 cxd4 10. Nxd4 Nc6 11. Rb1 Nxd4 12. exd4 Bf5 13. Ra1 Qd7 0-1

[Event "IECC CL6-2003.05 email"]
[Site "IECC email"]
[Date "2003.03.01"]
[Round "?"]
[White "Wonnacott, Andrew"]
[Black "Popp, Tony"]
[Result "1-0"]
[WhiteElo "1252"]
[BlackElo "1338"]
[PlyCount "75"]
[EventDate "2003.??.??"]
[EventType "tourn (corr)"]
[EventRounds "4"]
[SourceTitle "Corr 2008"]
[Source "ChessBase"]
[SourceDate "2008.06.24"]
[SourceVersion "1"]
[SourceVersionDate "2008.06.24"]
[SourceQuality "1"]

1. e4 c5 2. Nc3 a6 3. d4 cxd4 4. Qxd4 Nc6 5. Qd1 d6 6. f4 e5 7. g3 Nf6 8. Nf3 Bg4 9. h3 Bxf3 10. Qxf3 Nd4 11. Qf2 Ne6 12. Be3 Be7 13. 0-0-0 Qc8 14. Bg2 0-0 15. f5 Nc5 16. Nd5 Nxd5 17. Rxd5 Nd7 18. g4 f6 19. h4 Qd8 20. h5 h6 21. Qd2 Rf7 22. Qe1 Rc8 23. Qd2 Nb6 24. Rd3 Nc4 25. Qe2 Nxe3 26. Qxe3 Rc5 27. Rhd1 Qc7 28. R1d2 Rf8 29. Bf1 Rc8 30. c3 Qa5 31. Kb1 b5 32. b4 Qb6 33. bxc5 Qxc5 34. Qe1 b4 35. cxb4 Qxb4+ 36. Rb3 Qa5 37. Qd1 Qa4 38. Qe2 1-0

[Event "IECC CL6-2002.12"]
[Site "IECC email"]
[Date "2002.04.04"]
[Round "?"]
[White "Hulse, David"]
[Black "Wonnacott, Andrew"]
[Result "1-0"]
[WhiteElo "1268"]
[BlackElo "1347"]
[PlyCount "109"]
[EventDate "2002.??.??"]
[EventType "tourn (corr)"]
[EventRounds "4"]
[SourceTitle "Corr 2008"]
[Source "ChessBase"]
[SourceDate "2008.06.24"]
[SourceVersion "1"]
[SourceVersionDate "2008.06.24"]
[SourceQuality "1"]

1. e4 d5 2. exd5 Qxd5 3. Nc3 Qa5 4. d4 Nf6 5. Nf3 e6 6. Bd2 Qb6 7. Bc4 c6 8. Rb1 Be7 9. 0-0 0-0 10. a3 h6 11. b4 Qc7 12. Re1 b5 13. Bb3 a5 14. Ne4 a4 15. Ba2 Nbd7 16. c4 Bb7 17. c5 Nxe4 18. Rxe4 Nf6 19. Bf4 Qd8 20. Re2 Nd5 21. Qd2 Bf6 22. Bxd5 Qxd5 23. Bd6 Rfd8 24. Rbe1 Rxd6 25. cxd6 Qxd6 26. h3 Rd8 27. Rd1 Qd5 28. Qf4 Qd6 29. Qxd6 Rxd6 30. Red2 Rd8 31. Ne5 Bg5 32. Rd3 Bf6 33. g3 g5 34. Ng4 Bg7 35. Kh2 Re8 36. Ne5 f6 37. Nf3 e5 38. dxe5 fxe5 39. Rd7 e4 40. Rxb7 exf3 41. Rd3 Rf8 42. Rc7 Rf6 43. Rc3 Re6 44. Rxf3 Be5 45. Rb7 Bd6 46. Rd3 Bf8 47. Rd8 Rf6 48. Kg2 Rd6 49. Rc8 Rf6 50. Rbc7 Rd6 51. Rxc6 Rd3 52. Rf6 Kg7 53. Rfxf8 Rd7 54. Rf5 Rb7 55. Rcc5 1-0

[Event "IECC Swiss email"]
[Site "IECC email"]
[Date "2001.12.03"]
[Round "?"]
[White "Mann, Derek"]
[Black "Wonnacott, Andrew"]
[Result "1-0"]
[WhiteElo "1799"]
[BlackElo "1368"]
[PlyCount "87"]
[EventDate "2001.??.??"]
[EventType "tourn (corr)"]
[EventRounds "6"]
[SourceTitle "Corr 2008"]
[Source "ChessBase"]
[SourceDate "2008.06.24"]
[SourceVersion "1"]
[SourceVersionDate "2008.06.24"]
[SourceQuality "1"]

1. e4 e5 2. Nf3 Nc6 3. Bb5 f5 4. d3 fxe4 5. dxe4 Nf6 6. 0-0 d6 7. Nc3 Bg4 8. h3 Bh5 9. Qe2 a6 10. Bxc6+ bxc6 11. Rd1 Be7 12. Qc4 Qd7 13. Nxe5 dxe5 14. Rxd7 Kxd7 15. g4 Bg6 16. f4 exf4 17. e5 f3 18. Bf4 Rhd8 19. exf6 Bxf6 20. Re1 Kc8 21. Qxc6 Ra7 22. Nd5 f2+ 23. Kxf2 Bh4+ 24. Kf1 Rxd5 25. Qxd5 Bxe1 26. Kxe1 Bxc2 27. Qg8+ Kb7 28. Qxg7 Kc8 29. Qf8+ Kb7 30. Qc5 Kb8 31. Qxc2 h6 32. Qc6 Kc8 33. Qe8+ Kb7 34. Qd7 Kb6 35. b4 a5 36. Qd4+ Kc6 37. Qc5+ Kd7 38. Qxa7 axb4 39. Qxc7+ Ke6 40. Qd6+ Kf7 41. Qd7+ Kf6 42. Qe8 Kg7 43. Be5+ Kh7 44. Qf7# 1-0

[Event "IECC CL6-2001.28"]
[Site "IECC email"]
[Date "2001.09.14"]
[Round "?"]
[White "Amadio, Giancarlo"]
[Black "Wonnacott, Andrew"]
[Result "1-0"]
[WhiteElo "1399"]
[BlackElo "1355"]
[PlyCount "65"]
[EventDate "2001.??.??"]
[EventType "tourn (corr)"]
[EventRounds "4"]
[SourceTitle "Corr 2008"]
[Source "ChessBase"]
[SourceDate "2008.06.24"]
[SourceVersion "1"]
[SourceVersionDate "2008.06.24"]
[SourceQuality "1"]

1. d4 d5 2. Bf4 Nf6 3. e3 Bf5 4. c4 e6 5. Qb3 b6 6. Nc3 c6 7. Nf3 Nbd7 8. cxd5 cxd5 9. Nb5 Qc8 10. Nc7+ Kd8 11. Ba6 Qxc7 12. Bxc7+ Kxc7 13. Rc1+ Kd8 14. Nh4 Bg6 15. Qa4 Bh5 16. 0-0 g5 17. Nf3 Bxf3 18. gxf3 Rg8 19. Qc6 Rb8 20. e4 dxe4 21. fxe4 Ke7 22. e5 Ne8 23. Bb5 Rd8 24. Qf3 f6 25. Qa3+ Kf7 26. Qxa7 Ke7 27. Rc8 fxe5 28. Rxd8 Kf6 29. Qxd7 Ng7 30. dxe5+ Kg6 31. Bd3+ Kh6 32. Qf7 Nf5 33. Qxg8 1-0

[Event "IECC CL6-2001.28"]
[Site "IECC email"]
[Date "2001.09.14"]
[Round "?"]
[White "Sala, Stefano"]
[Black "Wonnacott, Andrew"]
[Result "1-0"]
[WhiteElo "1383"]
[BlackElo "1366"]
[PlyCount "153"]
[EventDate "2001.??.??"]
[EventType "tourn (corr)"]
[EventRounds "4"]
[SourceTitle "Corr 2008"]
[Source "ChessBase"]
[SourceDate "2008.06.24"]
[SourceVersion "1"]
[SourceVersionDate "2008.06.24"]
[SourceQuality "1"]

1. c4 Nf6 2. Nc3 g6 3. d4 d5 4. Nf3 c6 5. cxd5 cxd5 6. Qb3 b6 7. Bg5 Bg7 8. Bxf6 Bxf6 9. Qxd5 Qxd5 10. Nxd5 Kd7 11. e3 Bb7 12. Nxf6+ exf6 13. Rc1 Nc6 14. Bb5 a6 15. Bc4 Ke7 16. Bd5 Rac8 17. Rc3 Rhd8 18. e4 Rd7 19. 0-0 Kd8 20. Rfc1 Ne7 21. Bxb7 Rxb7 22. d5 Rxc3 23. Rxc3 Rd7 24. Kf1 f5 25. Ne5 Nxd5 26. exd5 Rxd5 27. Nxf7+ Ke7 28. Ng5 h6 29. Nf3 Rd6 30. Re3+ Kf6 31. Re8 a5 32. Ke2 Rd5 33. Ke3 Rb5 34. b3 Rc5 35. Rb8 b5 36. Rb6+ Kg7 37. Nh4 Re5+ 38. Kf4 Re4+ 39. Kg3 Rg4+ 40. Kh3 b4 41. Ra6 Rf4 42. Rxg6+ Kf7 43. Rxh6 Rxf2 44. Ra6 Rxa2 45. Nxf5 Rb2 46. Nd4 Rd2 47. Rd6 Kg8 48. Rd5 Kf7 49. g3 Kg6 50. g4 Kf7 51. Kg3 a4 52. bxa4 Ke8 53. Re5+ Kd7 54. Nf3 Ra2 55. a5 b3 56. Rb5 b2 57. Ne5+ Kc7 58. Nc4 Ra4 59. Nxb2 Ra3+ 60. Kf4 Ra2 61. g5 Kc6 62. Rb6+ Kd5 63. g6 Rxa5 64. g7 Ra8 65. h4 Kc5 66. Rg6 Rb8 67. h5 Rb4+ 68. Ke5 Rb8 69. g8Q Rxg8 70. Rxg8 Kb4 71. Rb8+ Kc3 72. h6 Kd2 73. h7 Ke2 74. h8Q Kd2 75. Rc8 Ke2 76. Rc2+ Kf3 77. Qh3# 1-0

[Event "IECC CL6-2001.28"]
[Site "IECC email"]
[Date "2001.09.14"]
[Round "?"]
[White "Wonnacott, Andrew"]
[Black "Satterfield, Don"]
[Result "1-0"]
[WhiteElo "1342"]
[BlackElo "1275"]
[PlyCount "61"]
[EventDate "2001.??.??"]
[EventType "tourn (corr)"]
[EventRounds "4"]
[SourceTitle "Corr 2008"]
[Source "ChessBase"]
[SourceDate "2008.06.24"]
[SourceVersion "1"]
[SourceVersionDate "2008.06.24"]
[SourceQuality "1"]

1. e4 e5 2. Nf3 c5 3. Nxe5 Qe7 4. Nf3 Nf6 5. Nc3 Nc6 6. d3 b6 7. Bg5 h6 8. Bh4 g5 9. Bg3 d6 10. h3 Be6 11. d4 Nxe4 12. Nxe4 Bf5 13. Bd3 Bxe4 14. 0-0 Rb8 15. Re1 d5 16. Bxe4 dxe4 17. Bxb8 Nxb8 18. dxc5 f5 19. Qd2 Qxc5 20. Qd4 Rh7 21. Rad1 Nc6 22. Qf6 Re7 23. Rd6 Nd8 24. Red1 Qxd6 25. Rxd6 exf3 26. Rxd8+ Kxd8 27. Qxf8+ Kd7 28. Qxf5+ Kc7 29. Qxf3 Rd7 30. Qc3+ Kd8 31. Qf6+ 1-0

[Event "IECC CL6-2002.06"]
[Site "IECC email"]
[Date "2001.02.14"]
[Round "?"]
[White "Wonnacott, Andrew"]
[Black "Bunce, Clayton G"]
[Result "0-1"]
[WhiteElo "1313"]
[BlackElo "1200"]
[PlyCount "64"]
[EventDate "2002.??.??"]
[EventType "tourn (corr)"]
[EventRounds "4"]
[SourceTitle "Corr 2008"]
[Source "ChessBase"]
[SourceDate "2008.06.24"]
[SourceVersion "1"]
[SourceVersionDate "2008.06.24"]
[SourceQuality "1"]

1. e4 e5 2. Nf3 Nc6 3. Bc4 Bc5 4. 0-0 d6 5. Nc3 Nf6 6. d3 0-0 7. Bg5 h6 8. Bh4 Bg4 9. h3 Bxf3 10. Qxf3 Nd4 11. Qd1 a6 12. Nd5 g5 13. Bg3 Nxd5 14. Bxd5 c6 15. c3 cxd5 16. cxd4 Bxd4 17. Rb1 dxe4 18. dxe4 Qf6 19. b3 Rac8 20. Kh1 Rc5 21. Qg4 Rc2 22. f3 Rxa2 23. Qd7 b6 24. Rfc1 h5 25. Be1 Rd8 26. Qb7 g4 27. Rc8 gxf3 28. Rxd8+ Kh7 29. Kh2 Rxg2+ 30. Kh1 Rg1+ 31. Kh2 Qf4+ 32. Bg3 Qxg3# 0-1

[Event "IECC Swiss email"]
[Site "IECC email"]
[Date "2000.03.26"]
[Round "?"]
[White "Wonnacott, Andrew"]
[Black "Gajic, Zoran"]
[Result "0-1"]
[WhiteElo "1283"]
[BlackElo "1878"]
[PlyCount "118"]
[EventDate "2000.??.??"]
[EventType "tourn (corr)"]
[EventRounds "6"]
[SourceTitle "Corr 2008"]
[Source "ChessBase"]
[SourceDate "2008.06.24"]
[SourceVersion "1"]
[SourceVersionDate "2008.06.24"]
[SourceQuality "1"]

1. e4 Nf6 2. e5 Nd5 3. d4 d6 4. Nf3 g6 5. Bc4 c6 6. 0-0 Bg7 7. exd6 Qxd6 8. Re1 0-0 9. Bg5 Bg4 10. c3 f6 11. Bh4 Nd7 12. h3 Bxf3 13. Qxf3 N7b6 14. Bg3 e5 15. Bb3 a5 16. a3 a4 17. Ba2 Qe7 18. c4 Nc7 19. c5+ Nbd5 20. Nc3 Rad8 21. Rad1 Kh8 22. Nxa4 Ne6 23. Nc3 Nxc3 24. Qxc3 Nxd4 25. Rxd4 exd4 26. Rxe7 dxc3 27. bxc3 Ra8 28. Rxb7 Rxa3 29. Be6 Rxc3 30. Bd6 Ra8 31. Bd7 Bf8 32. Rc7 Ra1+ 33. Kh2 Bxd6+ 34. cxd6 Rd1 35. Rxc6 Rxc6 36. Bxc6 Rxd6 37. Bb7 Kg7 38. g4 Rb6 39. Bc8 Rb2 40. Kg2 Kf7 41. Kg3 Rb3+ 42. f3 Ke7 43. h4 Rb6 44. g5 f5 45. h5 Kd8 46. Bxf5 gxf5 47. Kf4 Rb5 48. g6 hxg6 49. h6 Ke7 50. h7 Rb8 51. Kg5 Kf7 52. f4 Kg7 53. h8Q+ Kxh8 54. Kxg6 Rf8 55. Kh6 Rg8 56. Kh5 Rg4 57. Kh6 Kg8 58. Kh5 Kf7 59. Kh6 Kf6 0-1

[Event "IECC Y2KO email"]
[Site "IECC email"]
[Date "1999.10.14"]
[Round "?"]
[White "Wonnacott, Andrew"]
[Black "Blaisot, Alain"]
[Result "0-1"]
[WhiteElo "1229"]
[BlackElo "1827"]
[PlyCount "108"]
[EventDate "1999.??.??"]
[EventType "tourn (corr)"]
[EventRounds "2"]
[SourceTitle "Corr 2008"]
[Source "ChessBase"]
[SourceDate "2008.06.24"]
[SourceVersion "1"]
[SourceVersionDate "2008.06.24"]
[SourceQuality "1"]

1. e4 e5 2. Nf3 Nc6 3. Bb5 a6 4. Ba4 Nf6 5. 0-0 Nxe4 6. d4 b5 7. Bb3 d5 8. dxe5 Be6 9. c3 Bc5 10. Nbd2 0-0 11. Bc2 Bf5 12. Nb3 Bg6 13. Nfd4 Bxd4 14. cxd4 a5 15. Be3 a4 16. Nc1 a3 17. b3 f6 18. f3 fxe5 19. fxe4 Rxf1+ 20. Qxf1 exd4 21. Bf4 dxe4 22. Qxb5 d3 23. Qc4+ Kh8 24. Ne2 Qf6 25. Re1 Rf8 26. Bg3 Ne5 27. Qb5 Ng4 28. Nf4 Qd4+ 29. Kh1 Nf2+ 30. Kg1 Nh3+ 31. Kh1 Nxf4 32. Bxf4 Qf2 33. Rg1 Qxf4 34. Bd1 Qf2 35. h3 e3 36. Bf3 e2 37. Qb4 c5 38. Qa5 Rxf3 39. gxf3 Qxf3+ 40. Kh2 Qf2+ 41. Rg2 e1Q 42. Qd8+ Be8 43. Qxe8+ Qxe8 44. Rxf2 d2 45. Rxd2 Qe5+ 46. Kg2 Qg5+ 47. Kf3 Qxd2 48. Ke4 Qxa2 49. Kf5 Qxb3 50. h4 Qd3+ 51. Kg4 h5+ 52. Kf4 a2 53. Kg5 Qe4 54. Kxh5 Qf5# 0-1

[Event "IECC Swiss email"]
[Site "IECC email"]
[Date "1999.06.16"]
[Round "?"]
[White "Wonnacott, Andrew"]
[Black "Bruce, Earle"]
[Result "1/2-1/2"]
[WhiteElo "1091"]
[BlackElo "1681"]
[PlyCount "70"]
[EventDate "1999.??.??"]
[EventType "tourn (corr)"]
[EventRounds "6"]
[SourceTitle "Corr 2008"]
[Source "ChessBase"]
[SourceDate "2008.06.24"]
[SourceVersion "1"]
[SourceVersionDate "2008.06.24"]
[SourceQuality "1"]

1. e4 c5 2. c3 Nf6 3. e5 Nd5 4. d4 cxd4 5. cxd4 d6 6. Bc4 Nb6 7. Bb3 dxe5 8. Qh5 e6 9. dxe5 Nc6 10. Nf3 g6 11. Qg4 Bg7 12. Nc3 Nxe5 13. Nxe5 Bxe5 14. Qe2 Bg7 15. 0-0 0-0 16. Rd1 Bd7 17. Bf4 Re8 18. Qf3 Bxc3 19. Qxc3 Rc8 20. Qg3 Qf6 21. Be5 Qf5 22. Rd2 Ba4 23. Bxa4 Nxa4 24. Rad1 Nb6 25. Bc3 Nd5 26. Bd4 Rc2 27. Qb3 Rxd2 28. Rxd2 Rc8 29. Qd1 b6 30. b3 Rc6 31. Bb2 b5 32. g3 Qg5 33. Qe2 a6 34. Rc2 Nb4 35. Rd2 Nd5 1/2-1/2

[Event "IECC Swiss email"]
[Site "IECC email"]
[Date "1999.05.17"]
[Round "?"]
[White "Wonnacott, Andrew"]
[Black "Dunn, Carl"]
[Result "0-1"]
[WhiteElo "1062"]
[BlackElo "1867"]
[PlyCount "90"]
[EventDate "1999.??.??"]
[EventType "tourn (corr)"]
[EventRounds "6"]
[SourceTitle "Corr 2008"]
[Source "ChessBase"]
[SourceDate "2008.06.24"]
[SourceVersion "1"]
[SourceVersionDate "2008.06.24"]
[SourceQuality "1"]

1. e4 e5 2. Nf3 Nf6 3. d4 exd4 4. e5 Ne4 5. Qe2 Nc5 6. Nxd4 Nc6 7. Nxc6 dxc6 8. Nc3 Bf5 9. Be3 h5 10. Qf3 Bxc2 11. Bc4 Nd3+ 12. Ke2 Nxe5 13. Qf4 Nxc4 14. Qxc4 Qf6 15. Rhc1 Bf5 16. Kf1 0-0-0 17. Bxa7 Bd3+ 18. Qxd3 Rxd3 19. Ke2 Rxc3 20. Rxc3 Bb4 21. Rc2 b6 22. Kf1 Kb7 23. Rac1 Ra8 24. a3 Bxa3 25. bxa3 Rxa7 26. Rc3 Qd6 27. Ra1 Ra5 28. Kg1 Rd5 29. Rcc1 Rd2 30. Rf1 Qd5 31. Rae1 Ra2 32. Re3 Qa5 33. Rf3 Rxa3 34. Rxf7 Qe5 35. Rd7 Ra1 36. h3 Rxf1+ 37. Kxf1 b5 38. g4 hxg4 39. hxg4 b4 40. Rd1 c5 41. Re1 Qxe1+ 42. Kxe1 Kc6 43. Kd2 Kd5 44. f4 Ke4 45. f5 Kf4 0-1

[Event "IECC M email"]
[Site "IECC email"]
[Date "1998.11.07"]
[Round "?"]
[White "Jost, Marcelo"]
[Black "Wonnacott, Andrew"]
[Result "1-0"]
[WhiteElo "1017"]
[BlackElo "999"]
[PlyCount "107"]
[EventDate "1998.??.??"]
[EventType "tourn (corr)"]
[EventRounds "12"]
[SourceTitle "Corr 2008"]
[Source "ChessBase"]
[SourceDate "2008.06.24"]
[SourceVersion "1"]
[SourceVersionDate "2008.06.24"]
[SourceQuality "1"]

1. e4 c5 2. Bc4 Nc6 3. Nf3 Nf6 4. Nc3 d6 5. d3 Bg4 6. Bg5 h6 7. Bxf6 gxf6 8. 0-0 Qd7 9. g3 Nd4 10. Nxd4 Bxd1 11. Bb5 cxd4 12. Bxd7+ Kxd7 13. Nxd1 Rc8 14. Rc1 Bg7 15. f4 h5 16. h4 Bh6 17. Kg2 Rhg8 18. Kf3 e5 19. Nf2 Rg7 20. Nh3 Rcg8 21. Rg1 Ke7 22. c4 b6 23. b4 Rc8 24. Rc2 a6 25. Rgc1 Rcg8 26. Rg2 exf4 27. Nxf4 Kd7 28. a4 Rg4 29. Nxh5 Ke7 30. Rcc2 R4g6 31. g4 Be3 32. Nf4 Bxf4 33. Kxf4 Ke6 34. b5 a5 35. h5 Rh6 36. Rg3 Rg5 37. Rf3 Rh8 38. Rh2 Rhg8 39. Rh4 R8g7 40. Kg3 Ke5 41. Rf4 Ke6 42. Rh1 Ke7 43. Kh4 Ke6 44. Rhf1 Ke7 45. Kh3 Rh7 46. Rxf6 Rg6 47. Rxf7+ Rxf7 48. Rxf7+ Kxf7 49. hxg6+ Kxg6 50. Kh4 Kh6 51. g5+ Kg6 52. Kg4 Kf7 53. Kf5 Kg7 54. g6 1-0